000 00333nam a22001217a 4500
999 _c4582
_d4582
008 250304b ||||| |||| 00| 0 eng d
020 _a9781406364910
082 _aFIC HOR
100 _aHOROWITZ,ANTHONY
_eAUTHOR
245 _aALEX RIDER
_bSNAKE HEAD
260 _a87 VAUXHALL WALK,LONDON SE11 5HJ
_bWALKER BOOKS LTD
_c2015
942 _2ddc